01341na a2200301 450000100060000000300080000600500170001400800410003103500100007204000250008208200300010709000290013711000470016622200360021324500760024926000640032530000190038949000530040850000800046165000480054165000680058965000690065765000580072694200130078495201110079795201160090899900150102415590MIRAKIL20181213155114.0160917b tu 000 0  a15590 aMilasbturcTR-AnCHP a323.09561 1993bT53b 1994 a323.09561 1993 T53b 1994 aTürkiye İnsan Hakları Vakfı (TİHV) aTürkiye insan hakları raporu a1993 Türkiye insan hakları raporucTürkiye İnsan Hakları Vakfı aAnkarabTürkiye İnsan Hakları Vakfı Yayınlarıc1994 a336 s.c24 sm. aTürkiye İnsan Hakları Vakfı yayınlarıv4 a"English version of Turkey Human Rights report-1993 is available from HRFT" aİnsan haklarıxRaporlary1993zTürkiye aİnsan hakları ihlalixRaporlarxYıllıklary1993zTürkiye aHak ve özgürlüklerxRaporlarxYıllıklary1993zTürkiye aMedeni haklarxRaporlarxYıllıklary1993zTürkiye 2ddccBKS a0001b0001d2016-09-17e2l0o323.09561 1993 T53b 1994p006077r2016-09-17 00:00:00v0.00w2016-09-17yBKS a0001b0001d2016-09-17e2l0o323.09561 1993 T53b 1994p006078r2016-09-17 00:00:00tk.2v0.00w2016-09-17yBKS c6652d6652